Germany World Cup 2014 squad - Statistics

General Stats
  • This quiz has been taken 10,474 times
    10,081 since last reset
  • The average score is 16 of 24
Answer Stats
Hint Answer % Correct
GK Manuel Neuer Bayern Munich
98%
MD Mesut Özil Arsenal
88%
DF Mats Hummels Borussia Dortmund
87%
FW Miroslav Klose Lazio Roma
87%
MD Thomas Müller Bayern Munich
86%
DF Jérôme Boateng Bayern Munich
83%
DF Philipp Lahm Bayern Munich
83%
MD Toni Kroos Bayern Munich
82%
MD Mario Götze Bayern Munich
79%
MD Sami Khedira Real Madrid
76%
COACH Joachim Löw /
74%
MD Bastian Schweinsteiger Bayern Munich
70%
DF Per Mertesacker Arsenal
67%
MD Andre Schurrle Chelsea
62%
GK Roman Weidenfeller Borussia Dortmund
61%
MD Lukas Podolski Arsenal
58%
DF Benedikt Höwedes Schalke 04
55%
DF Shkodran Mustafi Sampdoria
48%
MD Christoph Kramer Borussia Mönchengladbach
45%
MD Julian Draxler Schalke 04
42%
GK Ron-Robert Zieler Hannover
38%
MD Matthias Ginter Freiburg
34%
DF Kevin Grosskreutz Borussia Dortmund
30%
DF Erik Durm Borussia Dortmund
29%
No matching quizzes found
Score Distribution
Percent of People with Each Score
Percentile by Number Answered
Your Score History
You have not taken this quiz since the last reset